000 00661nam a2200181Ia 4500
003 GCL
008 140319s9999 xx 000 0 ara d
040 _aGCL /
_cGCL
082 0 4 _aق
_b915
_bج م
100 1 _aالجمعية الجغرافية المصرية
245 1 0 _aالمجلة الجغرافية العربية عام 1960-61-62-63 \ العدد 2-8-10-11-12-13-14 /
_cالجمعية الجغرافية المصرية
260 _aالقاهرة :
_bالجمعية الجغرافية المصرية
300 _aمتعدد ؛
_c24 سم
490 _a
650 0 4 _aالجغرافيا
650 0 4 _aالجغرافيا - مصر
942 _2ddc
_cBK
999 _c34606
_d34606